书目信息 |
| 题名: |
社区环境建设与规划
|
|
| 作者: | 纪莉莉 , 付垚 , 辛宜 著 | |
| 分册: | ||
| 出版信息: | 北京 中国纺织出版社有限公司 2021.08 |
|
| 页数: | 233页 | |
| 开本: | 26cm | |
| 丛书名: | ||
| 单 册: | ||
| 中图分类: | TU-856 | |
| 科图分类: | ||
| 主题词: | 社区--she qu--居住环境--城市建设 , 社区--she qu--居住环境--环境规划 | |
| 电子资源: | ||
| ISBN: | 978-7-5180-8824-9 | |
| 000 | 01058nam0 2200253 450 | |
| 001 | 011025153135 | |
| 005 | 20221025153135.0 | |
| 010 | @a978-7-5180-8824-9@dCNY68.00 | |
| 100 | @a20201004d2021 em y0chiy0120 ea | |
| 101 | 0 | @achi |
| 102 | @aCN@b110000 | |
| 105 | @aa z 000yy | |
| 106 | @ar | |
| 200 | 1 | @a社区环境建设与规划@Ashe qu huan jing jian she yu gui hua@f纪莉莉, 付垚, 辛宜著 |
| 210 | @a北京@c中国纺织出版社有限公司@d2021.08 | |
| 215 | @a233页@c照片@d26cm | |
| 330 | @a本书共分十一章,从不同角度和层面对社区建设与管理进行了分析研究,具体包括:社区规划与管理概论、居住环境规划与布局、智慧社区规划与管理、社区治安规划与管理、社区消防安全规划与管理、社区绿化规划与管理、社区清洁卫生规划与管理、社区基础设施规划与管理、社区服务规划与管理、文化社区规划与管理、社区突发事件规划与管理。 | |
| 606 | 0 | @a社区@Ashe qu@x居住环境@x城市建设 |
| 606 | 0 | @a社区@Ashe qu@x居住环境@x环境规划 |
| 690 | @aTU-856@v5 | |
| 701 | 0 | @a纪莉莉@Aji li li@4著 |
| 701 | 0 | @a付垚@Afu yao@4著 |
| 701 | 0 | @a辛宜@Axin yi@4著 |
| 905 | @a河南城建学院图书馆@dTU-856@eJ135 | |
| 社区环境建设与规划/纪莉莉, 付垚, 辛宜著.-北京:中国纺织出版社有限公司,2021.08 |
| 233页:照片;26cm |
| ISBN 978-7-5180-8824-9:CNY68.00 |
| 本书共分十一章,从不同角度和层面对社区建设与管理进行了分析研究,具体包括:社区规划与管理概论、居住环境规划与布局、智慧社区规划与管理、社区治安规划与管理、社区消防安全规划与管理、社区绿化规划与管理、社区清洁卫生规划与管理、社区基础设施规划与管理、社区服务规划与管理、文化社区规划与管理、社区突发事件规划与管理。 |
| ● |
| 相关链接 |
|
|
|
正题名:社区环境建设与规划
索取号:TU-856/J135
 
预约/预借
| 序号 | 登录号 | 条形码 | 馆藏地/架位号 | 状态 | 备注 |
| 1 | 1586971 | 215869718 | 建筑库101/101建筑库 17排3列4层/ [索取号:TU-856/J135] | 在馆 |